| 000 | 01243cam a22002174a 4500 | ||
|---|---|---|---|
| 005 | 20250605164231.0 | ||
| 008 | 250528s ||||||||||||||||||||||||d | ||
| 035 | _a20959 | ||
| 020 | _a9780205685936 | ||
| 040 |
_aGR-AtMCL _bgre _dGR-AtMCL _eAACR2 |
||
| 245 | 1 | _aThe Developing Child / Twelfth Edition | |
| 250 | _a12th | ||
| 260 |
_bAvi Book, _c2010 |
||
| 300 | _a546 | ||
| 520 | _aIntroduction, Basic Issues in the Study of Development, Prenatal Development, Birth and Early Infancy, Physical Development, Perceptual Development, Cognitive Development I: Structure and Process, Cognitive Development II: Individual Differences in Cognitive Abilities, The Development of Language,Personality Development: Alternative Views, Concepts of Self and Gender and Sex Roles, The Development of Social Relationships, Thinking about Relationships: Social Cognitive and Moral Development, The Beginnings of Life, The Physical Child, The Ecology of Development: The Child Within the Family System, Beyond the Family: The Impact of the Broader Culture The Thinking Child, The Social Child, The Whole Child, Atypical Development. | ||
| 700 | 1 |
_aBee Helen _92896 |
|
| 700 | 1 |
_aBoyd Denise _96951 |
|
| 942 | _cBK | ||
| 999 |
_c6036 _d6036 |
||